<?xml version="1.0" encoding="UTF-8"?><?xml-stylesheet type="text/xsl" href="static/style.xsl"?><OAI-PMH xmlns="http://www.openarchives.org/OAI/2.0/" xmlns:xsi="http://www.w3.org/2001/XMLSchema-instance" xsi:schemaLocation="http://www.openarchives.org/OAI/2.0/ http://www.openarchives.org/OAI/2.0/OAI-PMH.xsd"><responseDate>2026-04-17T06:35:03Z</responseDate><request verb="GetRecord" identifier="oai:www.recercat.cat:10459.1/64717" metadataPrefix="marc">https://recercat.cat/oai/request</request><GetRecord><record><header><identifier>oai:recercat.cat:10459.1/64717</identifier><datestamp>2024-12-05T23:07:05Z</datestamp><setSpec>com_2072_3622</setSpec><setSpec>col_2072_478537</setSpec></header><metadata><record xmlns="http://www.loc.gov/MARC21/slim" xmlns:dcterms="http://purl.org/dc/terms/" xmlns:xsi="http://www.w3.org/2001/XMLSchema-instance" xmlns:doc="http://www.lyncode.com/xoai" xsi:schemaLocation="http://www.loc.gov/MARC21/slim http://www.loc.gov/standards/marcxml/schema/MARC21slim.xsd">
   <leader>00925njm 22002777a 4500</leader>
   <datafield ind2=" " ind1=" " tag="042">
      <subfield code="a">dc</subfield>
   </datafield>
   <datafield ind2=" " ind1=" " tag="720">
      <subfield code="a">Grau Prim, Albert</subfield>
      <subfield code="e">author</subfield>
   </datafield>
   <datafield ind2=" " ind1=" " tag="720">
      <subfield code="a">Soliz Churata, Jennifer</subfield>
      <subfield code="e">author</subfield>
   </datafield>
   <datafield ind2=" " ind1=" " tag="260">
      <subfield code="c">2018-09-17T08:10:14Z</subfield>
   </datafield>
   <datafield ind2=" " ind1=" " tag="260">
      <subfield code="c">2018-09-17T08:10:14Z</subfield>
   </datafield>
   <datafield ind2=" " ind1=" " tag="260">
      <subfield code="c">2018-09</subfield>
   </datafield>
   <datafield ind2=" " ind1=" " tag="520">
      <subfield code="a">En aquest document s’explica el disseny i la implementació d’una aplicació web anomenada Heuristic EvaluationTool, encarregada de realitzar l’estudi d’usabilitat d’altres&#xd;
aplicacions i projectes informàtics, d’aqui en endavant denominat projecte.&#xd;
L’aplicació sorgeix de l’eina utilitzada fins al moment(un fitxer Excel) que evalua la&#xd;
usabilitat de la interfície d’un projecte.Es tracta de dissenyar l’aplicació des de zero per&#xd;
tal d’assolir i millorar els objectius de l’eina esmentada anterior.L’avaluació conté un&#xd;
questionari o plantilla amb principis hurístics definits,que engloba les característiques&#xd;
que fan que un projecte es consideri usable.A mesura que les avaluacions vagin sent&#xd;
realitzades, l’aplicació s’encarrega de calcular un percentatge d’usabilitat juntament amb&#xd;
la seva representació gràfica de totes les avaluacions,realitzades pels usuaris assignats&#xd;
(anomenats avaluadors) de manera individual i global.&#xd;
Per al desenvolupament i testeig de l’aplicació, s’ha tingut en compte que els dispositius&#xd;
amb els quals es realitzaran les avaluacions poden ser ordenadors o tablets, ja que algunes&#xd;
funcionalitats estan pensades per aconseguir una millora d’accessibilitat i qualitat de&#xd;
l’aplicació. També inclou una interfície gràfica senzilla i amigable i un backend robust.</subfield>
   </datafield>
   <datafield ind1="8" ind2=" " tag="024">
      <subfield code="a">http://hdl.handle.net/10459.1/64717</subfield>
   </datafield>
   <datafield tag="653" ind2=" " ind1=" ">
      <subfield code="a">Avaluació heurística</subfield>
   </datafield>
   <datafield tag="653" ind2=" " ind1=" ">
      <subfield code="a">Usabilitat</subfield>
   </datafield>
   <datafield tag="653" ind2=" " ind1=" ">
      <subfield code="a">Usabilitat (Disseny de sistemes)</subfield>
   </datafield>
   <datafield ind2="0" ind1="0" tag="245">
      <subfield code="a">Heuristic Evaluation Tool</subfield>
   </datafield>
</record></metadata></record></GetRecord></OAI-PMH>